000 00522cam a2200205ua 4500
001 7731
005 20260515114241.0
008 150108n ii |||gr||||Z||||||ben
040 _cMAIN
041 _aben
082 _a891.442
100 _aBandyopadhyay, C.,
_eAuthor.
245 _aRabi-rasmi :
_bPart I /
_cBy Charuchandar Bandyopadhyay .
250 _a4th.
260 _aCalcutta:
_bDey,
_c1999.
300 _a514p.
653 _aEast Indo-European & Celtic literatures
653 _aBengali essays
942 _cBK
999 _c6847
_d6847